[Event "Norway Chess 2nd"]
[Site "Stavanger"]
[Date "2014.06.03"]
[Round "1"]
[White "Svidler, Peter"]
[Black "Kramnik, Vladimir"]
[Result "1/2-1/2"]
[WhiteElo "2753"]
[BlackElo "2783"]
[Annotator "Marin,M"]
[PlyCount "80"]
[EventDate "2014.06.03"]
[EventType "tourn"]
[EventRounds "9"]
[EventCountry "NOR"]
[EventCategory "21"]
[SourceTitle "CBM 161"]
[Source "ChessBase"]
[SourceDate "2014.07.16"]
[SourceVersion "1"]
[SourceVersionDate "2014.07.16"]
[SourceQuality "1"]

1. c4 Nf6 2. Nc3 e5 3. Nf3 Nc6 4. g3 d5 5. cxd5 Nxd5 6. Bg2 Nb6 7. O-O Be7 8.
a3 O-O 9. b4 Be6 10. Rb1 f6 11. d3 a5 12. b5 Nd4 13. Nd2 Qc8 14. e3 Nf5 15. Qc2
Rd8 {This is one of the most complicated tabyias of the English Opening, both
in analysing and over-the-board play. White surely has some queenside
achievements, but his main problem is to formulate a coherent plan. In
practice, White's play is frequently of a speculative character, aiming to
take advantage of any imperceptible black inaccuracy. In my English trilogy I
had come up with some improvements against the then fashionable plan favoured
by Tiviakov, based on ...a5-a4 and ...Ra8-a5. But in the meanwhile Black
started playing more neutral plans, as if inviting White to show his hand.} 16.
Bb2 {This is the most popular move, but chance made me discover what may be
the clue to White's play. At the 2012 Olympiad I shared a room with Vladislav
Nevednichy, who felt inspired to play the English Opening in a few games. He
frequently asked me for general advice, but did not hesitate to share with me
an over-the-board discovery.} ({He called his} 16. Re1 {a fantastic novelty,
without giving any further detail. Later, I examined the move and came to the
conclusion that he was right. If White wishes to have a coherent plan, this
should be based on Nd2-c4. Against Tiviakov's ...a4 and ...Ra5 this works very
well, but against neutral plans it is harder to carry out. One possible idea
of the last move is preparing Bf1 followed by Nc4 without facing the pin along
the d-file. In other cases, when White switches to d3-d4, the rook is clearly
useful on e1.} Nh6 (16... Nd6 17. d4 $36) (16... a4 17. Bb2 {[%csl Gd5][%cal
Gg2f1,Gd2c4]} Nd6 18. d4 $5) 17. d4 $1 Nf7 (17... exd4 18. exd4 Nf5 19. Bh3
Nxd4 20. Bxe6+ Nxe6 21. Qa2 Kf7 22. Rb2 Re8 23. Rc2 Qd7 24. Nf3 $36) 18. Nf3
Nc4 19. Ra1 Bf8 20. dxe5 {This may be a hurried decision and I remember that
Vladik was not happy with it.} (20. d5 $5 {looks interesting}) ({but I assume
it would be best to keep the tension for a while:} 20. Bf1 $1 Ncd6 21. Bd3 $14)
20... Ncxe5 21. Nd4 Bh3 22. Bh1 c5 23. bxc6 Nxc6 24. Nxc6 (24. Qb2 $5 Rb8 25.
Nd5) 24... bxc6 25. Ne4 Qf5 $132 {Nevednichy,V (2554)-Ringoir,T (2448)
Istanbul 2012 (1/2-1/2, 30)}) 16... a4 17. Rfc1 Nd6 {There is no way White can
play Nc4 now.} 18. Nde4 Nf7 $146 ({Kramnik deviates from} 18... Ne8 {which
caused him a defeat at the hands of a then very young Carlsen in Carlsen,M 
(2801)-Kramnik,V (2772) London 2009 CBM 134 [Carlsen,M] (1-0, 43)}) (18... Bb3
19. Qe2 Nf7 {is an important alternative. With the queen on e2, White looks
entitled to play} 20. f4 $5 {Kozlov,G (2317)-Bukavshin,I (2517) Samara 2013 (1/
2-1/2, 99)}) 19. Ne2 {With this move White practically embarks on a mutual
waiting game.} (19. Nd1 {is the introduction to a more coherent plan, which
will fail to consolidate White's advantage against Black's accurate play,
though.} Bf8 20. Bf1 {[%csl Gd3][%cal Gc2c7]} (20. Qxc7 Qxc7 21. Rxc7 Rxd3 22.
Rxb7 Nc4 $132) 20... Rd7 21. d4 (21. Nc5 Bxc5 22. Qxc5 Ng5) 21... exd4 22. exd4
{If allowed to play Ne3, White would achieve a comfortable regrouping. Black
can react energetically, though.} Bb3 23. Qe2 (23. Qd3 $2 Ne5 {[%csl Gc4]})
23... Re7 24. Qd3 Bd5 (24... Bc4 $143 25. Rxc4 Nxc4 26. Nxf6+ gxf6 27. Qxc4 $16
) 25. Ndc3 (25. Bg2 f5 $15) (25. Nd2 Ng5 26. Ne3 Nh3+ 27. Bxh3 Qxh3 28. Nxd5
Nxd5 $15) (25. f3 Qd7 26. Ne3 Bxe4 27. fxe4 Rae8 28. Bg2 Ng5 29. Nf5 Rxe4 $1
30. Bxe4 Rxe4 31. Rf1 g6 32. Ne3 f5 $15) 25... Bc4 26. Qf3 Bxf1 27. Rxf1 $13)
19... Bf8 20. h4 {Another sign of the lack of a concrete plan, so typical for
this variation. White simply makes moves he considers useful for later.} (20.
Qxc7 Qxc7 21. Rxc7 Rxd3 22. Rxb7 Nc4 $132) (20. f4 Bb3 21. Qc3 Qd7 22. fxe5 Nd5
23. Qd2 Nxe5 $132) 20... Rb8 21. N2c3 {Not much has changed in Black's
position over the past few moves, so this can be safely considered a loss of
two tempi.} Bb3 22. Qe2 Qd7 23. Nd2 (23. Bf1 {[%cal Ge4d2,Gd2c4]}) 23... Be6 (
23... Qxd3 $5 24. Qxd3 Rxd3 25. Nxb3 axb3 26. Ne4 f5 27. Nc5 Bxc5 28. Rxc5 Rbd8
$36 {[%cal Gd3d1,Gb6a4]}) 24. Nc4 (24. Bf1 Bg4 $5) 24... Qxd3 {This leads to
general exchanges and an obvious draw.} (24... Nxc4 25. dxc4 Bf5 26. Ra1 Bd3
27. Qd1 Bxc4 28. Qxa4 $13 {White's slight initiative on the light squares is
neutralised by the relative inactivity of his b2-bishop.}) 25. Qxd3 Rxd3 26.
Nxb6 cxb6 27. Nxa4 Rb3 28. Bf1 Nd6 29. Rc3 Rxc3 30. Bxc3 Nc4 31. Bb4 Nxa3 32.
Bxa3 Bxa3 33. Nxb6 Kf7 34. Rd1 Ke7 35. Nd5+ Bxd5 36. Rxd5 Rd8 37. Rxd8 Kxd8 38.
Bd3 h6 39. h5 Ke7 40. Kg2 Ke6 1/2-1/2

[Event "WchT 8th"]
[Site "Ningbo"]
[Date "2011.07.23"]
[Round "6.3"]
[White "Nepomniachtchi, Ian"]
[Black "Efimenko, Zahar"]
[Result "1/2-1/2"]
[WhiteElo "2711"]
[BlackElo "2706"]
[Annotator "Marin,M"]
[PlyCount "118"]
[EventDate "2011.07.17"]
[EventType "team-tourn"]
[EventRounds "9"]
[EventCountry "CHN"]
[SourceTitle "CBM 144"]
[Source "ChessBase"]
[SourceDate "2011.09.16"]
[SourceVersion "1"]
[SourceVersionDate "2011.09.16"]
[SourceQuality "1"]
[WhiteTeam "Russia"]
[BlackTeam "Ukraine"]
[WhiteTeamCountry "RUS"]
[BlackTeamCountry "UKR"]

1. c4 Nf6 2. Nc3 e5 3. Nf3 Nc6 4. g3 Bb4 5. Bg2 O-O 6. O-O Re8 (6... e4 {
is the main line, but the text move is also quite popular.}) 7. Nd5 e4 8. Nh4
d6 (8... Bf8 {is an old and somewhat passive continuation.}) ({For a long time,
} 8... Bc5 {has been considered as unclear. A few years ago, the then
president of the Romanian Corresspondence Chess federation, Marius Ceteras,
told me that} 9. e3 $5 {preparing f2-f3 is an interesting old correspondence
idea, and I took advantage of the first opportunity to introduce it in
grandmaster practice. Since then, there has been some further development, but
Black does not seem to have found an entirely adequate antidote.} ({The old
main continuation is} 9. d3 exd3 10. Qxd3 Ne5 11. Qc2 c6 12. Be3 cxd5 13. Bxc5
d6 14. Bd4 dxc4 15. Rad1 d5 {, see for instance the extensively annotated game
Lautier,J (2675)-Kasparov,G (2838)/Moscow 2002/CBM 090/[Ribli] (0-1, 45)}) 9...
Be7 $5 {We are following the initial corr. game.} (9... g5 $4 10. Nf5 d6 {
Marin,M (2556)-Fressinet,L (2656)/Plovdiv 2008/CBM 124 (1/2, 53)} 11. Nfe7+ $1
$18) (9... Nxd5 10. cxd5 Nb4 11. f3 {offers White a strong initiative.} exf3
12. Qxf3 f6 13. d4 Bf8 14. Bd2 Na6 15. e4 c5 16. e5 $40 {Tomashevsky,E (2689)
-Zhou Jianchao (2623)/Sochi 2009/CBM 131 Extra (1-0, 64)}) 10. Nxe7+ Nxe7 11.
b3 d5 12. Bb2 Ng6 13. Nxg6 hxg6 {0-1 Veinger,I (2605)-Korolev,S (2630)/Bozidar
Kazic mem corr 1998/Corr 2002. For a practical player, such an abrupt and
illogical end of the game needs some clarifying. White may have forgotten
about the time (measured in weeks) or simply lost interest in the competition.
Otherwise, he is slightly better, because of his bishop pair.} 14. Qc2 $5 $14)
9. f3 $5 $146 {In a wide sense, following the new trend launched by 9.e3 above.
White wishes to open the f-file.} (9. d3 {is considered to be quite OK for
White, too.} exd3 10. Qxd3 Ne5 11. Qc2 Nxd5 12. cxd5 Bc5 13. b3 Qe7 14. Bb2 $14
{Lautier,J (2645)-Karpov,A (2725)/Dortmund 1993/CBM 035/[Lautier] (1-0, 38)})
9... Nxd5 (9... g5 $2 10. Nxf6+ Qxf6 11. fxe4 Qd4+ 12. e3 Qxc4 13. Nf5 $18) (
9... e3 $5 10. Nxe3 Bc5 {fails to trap the h4-knight after} 11. Qc2 {, leaving
Black wondering whether he got anything for the sacrificed pawn. White's
position does not look too harmonious yet, but his structure is compact and he
should be able to complete his development.}) 10. cxd5 exf3 11. Nxf3 Ne5 {
Black seems to have a normal development, but his main problem in this kind of
position is the relative uselessness of the b4-bishop. If White manages to
complete his development, the pressure against the kingside may become
decisive.} 12. Qc2 ({In view of the next comment,} 12. e3 {deserves attention:}
f6 (12... Bg4 13. Qb3 $14) (12... Bc5 $2 13. d4 Nxf3+ 14. Qxf3 $18) (12...
Nxf3+ 13. Qxf3 f6 14. a3 Bc5 15. b4 Bb6 16. a4 a5 17. b5 $14) 13. Qc2 Nxf3+ 14.
Rxf3 $5 {with similar play to that in the game.}) 12... Bc5+ ({Black misses an
unique chance to recycle his dark-squared bishop:} 12... Nxf3+ 13. Bxf3 Bh3 14.
Rf2 Bc5 15. e3 Qg5 16. b4 Bd4 $1 17. Bb2 Bf5 18. Qb3 Bxb2 19. Qxb2 Be4 20. Qd4
Bxf3 21. Rxf3 {Optically, White retains some advantage, but Black should not
have too many problems.}) 13. e3 Bb6 (13... Nxf3+ {can now be answered with}
14. Rxf3 $5 {because the e-pawn is not hanging anymore.} Bg4 15. Rf4 Qg5 16. b4
Bb6 17. Bb2 $36 {/\Be4}) 14. b3 Bg4 15. Bb2 Nxf3+ 16. Bxf3 Bxf3 17. Rxf3 $14 {
With every new exchange, the difference between the bishops' activity becomes
more relevant. The b2-bishop is an important attacking piece, while its
counterpart is biting on a rock (e3). Besides, the d5-pawn ensures White a
space advantage, allowing him to activate his major pieces at his leisure.} Qg5
18. Raf1 f6 19. Qc4 Rf8 20. Rf4 Rae8 21. Rg4 Qh6 22. Rf5 $2 {Allowing an
unexpected tactical blow.} ({The correct move order would have been} 22. Kg2
Re7 23. Rf5) 22... a5 $2 (22... Rxe3 $1 23. dxe3 Qxe3+ 24. Kg2 Qd2+ {/\...Qxb2}
) 23. Kg2 Rf7 24. Rh4 Qg6 25. Qf4 $6 {Careless.} (25. Rfh5 $1 Rfe7 (25... h6
26. Rxh6 gxh6 27. Rg4 $16) 26. Rxh7 Qxh7 27. Rxh7 Kxh7 28. Qg4 $16 {[%cal
Gh2h5] /\h4-h5}) 25... Re5 $1 $14 {Oops! Black manages to somewhat relieve his
position by exchanging a pair of rooks by an unusual means.} 26. Rhh5 $6 (26.
Bxe5 $2 fxe5 $19) (26. e4 $5 {was the last chance to keep some pressure.} Rxf5
27. exf5 Qg5 28. Bc3 $1 {It is important to defend the d2-pawn in order to
threaten Qf3.} Qxf4 (28... Re7 29. Qf3 $1 {[%cal Gh4h5] Threatening to trap
the queen with Rh5.} Re1 30. Rh5 Rg1+ 31. Kh3 Rf1 32. Rxg5 Rxf3 33. Bxf6 $1 g6
34. Bc3 $16 Rxf5 $6 35. Rxf5 gxf5 36. Kh4 h6 37. Kh5 Kh7 38. a4 $18) 29. Rxf4
Re7 30. Kf1 Kf7 31. Rh4 h6 32. Ra4 Ke8 33. g4 Kd7 34. Bxa5 Bxa5 35. Rxa5 Re4
36. Ra4 $14 {/+/- White is a pawn up and has some chances in the rook ending.})
26... Rxf5 27. Rxf5 Re7 28. g4 Qe8 29. g5 fxg5 $6 {Missing a second chance for
counterplay.} (29... Bxe3 $1 30. dxe3 Re4 31. Qf1 (31. Qg3 Rxe3) 31... Rg4+ 32.
Kf2 Qe4 33. Rf4 Rxf4+ {with perpetual.}) 30. Rxg5 Rf7 31. Qg4 Qd7 32. Qxd7 Rxd7
33. Bc3 {Even here, Black is out of real danger, because of the reduced
material remaining on the board.} Rf7 34. Rg4 Kf8 35. b4 axb4 36. Rxb4 Ke8 37.
a4 Kd7 38. Rb2 Kc8 39. d4 g6 40. h3 Rf5 41. a5 Ba7 42. e4 Rf4 43. Re2 Kd7 44.
Bd2 Rf8 45. Be3 Re8 46. Bf2 b6 47. a6 b5 48. Rb2 (48. e5 dxe5 49. dxe5 Bxf2 50.
Kxf2 Ra8 51. Ra2 b4 52. Ke3 b3 53. Rb2 Rxa6 54. Rxb3 Ra5 55. Kd4 Ra4+ 56. Kd3 (
56. Kc5 Ra5+ 57. Rb5 Rxb5+ 58. Kxb5 g5 $8 $11) 56... Ra5 $11) 48... Rxe4 49.
Kf3 Re8 50. Rxb5 Bb6 51. Rb3 Kc8 52. Be3 Kb8 53. Ra3 Ka7 54. h4 Rf8+ 55. Ke4
Rf1 56. Ra4 Rh1 57. Bf2 Rf1 58. Be3 Rh1 59. Bf2 Rf1 1/2-1/2

[Event "Norway Chess 2nd"]
[Site "Stavanger"]
[Date "2014.06.07"]
[Round "4"]
[White "Caruana, Fabiano"]
[Black "Giri, Anish"]
[Result "1/2-1/2"]
[WhiteElo "2791"]
[BlackElo "2752"]
[Annotator "Marin,M"]
[PlyCount "106"]
[EventDate "2014.06.03"]
[EventType "tourn"]
[EventRounds "9"]
[EventCountry "NOR"]
[EventCategory "21"]
[SourceTitle "CBM 161"]
[Source "ChessBase"]
[SourceDate "2014.07.16"]
[SourceVersion "1"]
[SourceVersionDate "2014.07.16"]
[SourceQuality "1"]

1. c4 e5 2. Nc3 Nf6 3. Nf3 Nc6 4. g3 d5 5. cxd5 Nxd5 6. Bg2 Nb6 7. O-O Be7 8.
d3 O-O 9. a3 Be6 10. Be3 {Delaying the queenside attack, which is usually met
with ...a7-a5 in favour of developing.} f5 11. Rc1 {White has an extra tempo 
(a2-a3) with respect to the similar Classical Dragon variation. Since b2-b4
never really ceases being part of White's general plan, this tempo may tell.}
Kh8 (11... Bf6 12. Nd2 Kh8 13. b4 Rb8 14. Bc5 {Kamsky,G (2741)-Svidler,P (2769)
Thessaloniki 2013 CBM 155 [Stohl,I] (1-0, 43)}) (11... f4 {gains a tempo but
weakens the e4-square without offering real attacking chances.} 12. Bd2 Qd7 13.
Ne4 Rf5 (13... fxg3 {[%cal Gd2g5]} 14. hxg3 Rf5 15. Neg5 $16) 14. b4 fxg3 15.
Nxg3 $5 ({An interesting deviation from} 15. hxg3 {[%cal Ge4g5] which looks ok,
too:} h6 16. Rxc6 $5 bxc6 17. Qa1 $14) 15... Rff8 16. b5 Nd8 17. Nxe5 Qxb5 18.
f4 $14 {Wang,Y (2723)-Mamedyarov,S (2757) Beijing 2013 (1-0, 31)}) 12. b4 {
The most active continuation. After having almost completed his development,
White finally switches to the queenside plan.} (12. Na4 {is not without venom,
though.} f4 13. Nc5 Bd5 14. Bd2 Bxc5 15. Rxc5 Qe7 16. Qc1 Rf7 17. b4 Bxf3 18.
Bxf3 Nd4 {(1/2-1/2, 31) Cebalo,M (2485)-Romanishin,O (2570) Taxco 1985} 19. Bc3
$1 Nb3 20. Rxe5 Qxe5 21. Bxe5 Nxc1 22. Rxc1 fxg3 23. Bxb7 gxf2+ 24. Kf1 Re8 25.
Bg3 Ree7 26. Bf3 $14 {[%csl Gf3,Gg3]}) 12... a6 {Trying to keep stability all
over the board.} ({The typical reaction against the setup with an early b2-b4
does not work so well no that White is fully mobilised.} 12... a5 $6 13. b5 Nd4
14. Nxe5 Bxa3 15. Bxb7 Bxc1 16. Qxc1 Rb8 17. Bxd4 Qxd4 18. Nc6 Qd6 19. Nxb8
Rxb8 20. Bc6 $16 {Ivanchuk,V (2746)-Morozevich,A (2751) Leon 2009 (1/2-1/2, 38)
}) (12... Bf6 {defends e5 but allows White take over the initiative in a way
known from Botvinnik's old Dragon games.} 13. Bc5 Rf7 14. e4 Rd7 15. Qe2 Rxd3 {
Savchenko,B (2583)-Rublevsky,S (2676) Moscow 2007 (1-0, 54)} 16. exf5 Bxf5 17.
b5 Nd4 18. Nxd4 exd4 19. Ne4 Rb3 20. Qd1 Rxb5 21. Nxf6 Qxf6 22. Bxd4 Qd6 23.
Bxb7 $16) 13. Bc5 Bg8 14. e3 $146 {A flexible move and a novelty! White sets
up some sort of hedgehog in the centre, inviting Black to permanently worry
about either d3-d4 or e3-e4.} (14. e4 {is less impressive with the black
bishop on e7 rather than f6.} f4 {[%csl Gd4][%cal Gf8f4,Ge7c5]} 15. Re1 Bd6 16.
Bxb6 cxb6 17. Nd5 fxg3 18. hxg3 a5 $132 {Vaganian,R (2605)-Petursson,M (2555)
Reykjavik 1990 CBM 018 [Ribli] (1/2-1/2, 29)}) 14... Bxc5 15. bxc5 Nd5 {
It would make no sense to refrain from occupying this square.} (15... Nd7 16.
d4 e4 17. Nd2 Nf6 18. Re1 {[%cal Gg2f1,Gc1b1,Gf1c4] would offer White some
initiative.}) 16. Qd2 Qe7 17. Ne2 {A truly hypermodern way of playing with
White. Black has more space but his position could easily become over-extended
at the slightest inaccuracy. White's main policy is maintaining flexibility
and inviting Black to create some more weaknesses. The (relative) actual ones
are b7 and e5.} Rab8 18. Nh4 Qf6 (18... g5 $2 19. Nxf5 Rxf5 20. e4 $16) 19. Qb2
({The thematic} 19. f4 {would allow White get some pressure along the central
files starting with} Rbd8 {[%cal Ge5e4]}) 19... g5 {Not really forced, but
Black has to take one decision or another. This makes this kind of position
difficult to play over the board.} 20. Nf3 Nde7 {A bit passive.} (20... e4 {
would fail to maintain equality:} 21. Qxf6+ Nxf6 22. dxe4 Nxe4 23. h4 h6 24.
Rfd1 $14) ({But the thematic} 20... f4 {, putting pressure on the dark squares,
looks entirely viable.} 21. Nd2 Qg6 {[%csl Ge3]} 22. Nc3 fxe3 23. Nxd5 exd2 24.
Qxd2 Rbd8 $11) 21. Rcd1 {White keeps manoeuvring, missing a good moment for
concrete action.} (21. d4 $5 e4 22. Nd2 {[%cal Gg3g4,Gf2f3]}) 21... Qg7 22. Nd2
{Remaining faithful to the safety policy.} (22. d4 {is less effective already
since after} f4 $1 {23.dxe5 would not attack the queen.}) 22... Bd5 (22... Rfd8
23. Qc2 Qf6 24. f4 $5) 23. e4 {In the absence of the dark-squared bishop this
typical reaction has an obvious drawback: it gives away the d4-square.} ({
In principle, one is afraid of exchanging his fianchetto bishop, but Black's
attack would not be easy to carry out after} 23. Bxd5 Nxd5 24. Qb3 Qf7 25. d4
e4 26. Nc3 Nxc3 27. Qxc3 Qd5 28. Rb1 {White plans Rb3 followed by R1b1. If ...
Ne7 then Nc4-e5. And finally, after} f4 $6 29. Qc4 $1 {Black would weaken his
e4-pawn for nothing, for instance} Qf5 30. d5 Ne5 31. Qxe4 $16) 23... Be6 24.
exf5 Nxf5 25. Rde1 Rfd8 {Black is fine here, but the game proved that from the
practical point of view White's play is simpler.} 26. Be4 Nfe7 (26... Nfd4 27.
Nxd4 Nxd4 28. Re3 b6 $11) 27. f3 Bf5 28. Qc2 Rd7 29. Nc4 b5 30. cxb6 cxb6 31.
Ne3 Bh3 {This leaves the e4-bishop too much freedom.} (31... Bg6 $5 $11) 32.
Rf2 Be6 33. Qb2 b5 34. Rc1 {Black starts experiencing small problems without
knowing what really went wrong for him.} Nd4 35. Rc5 Rc8 36. Nxd4 exd4 37.
Rxc8+ Nxc8 38. Nf5 Qe5 39. f4 (39. Qb4 $5 Rd8 40. Rc2 Bxf5 41. Rc5 Qg7 42. Rxf5
$16) 39... gxf4 40. Rxf4 Ne7 41. Nh4 (41. Nxe7 Rxe7 42. Qb4 Re8 43. Rf8+ $16)
41... Qc5 42. Qf2 $6 (42. Rf8+ $5 Kg7 43. Rf1 $5 {[%cal Gb2f2,Gf1c1]} Nd5 (
43... Kh8 44. Qd2 {[%cal Gd2h6]}) 44. Bf5 Re7 45. Bxe6 Rxe6 46. Nf5+ Kg8 (46...
Kh8 47. Qxd4+ Qxd4+ 48. Nxd4 Re3 $2 49. Rf8+ Kg7 50. Rd8 $16) 47. Qg2 $5 (47.
Qxd4 Qxd4+ 48. Nxd4 Re3 49. Rf3 Rxf3 50. Nxf3 b4 $11) 47... Kh8 48. Qh3 $36)
42... Kg7 43. Nf5+ Bxf5 44. Bxf5 Nxf5 45. Rxf5 Qc1+ 46. Kg2 Qe3 $11 47. Qa2 Re7
48. Qd5 Qxd3 49. Rg5+ Kf6 50. Qd6+ Kxg5 51. Qxe7+ Kg6 52. Qe6+ Kg7 53. Qe7+ Kg6
1/2-1/2